Els `goigs de Josep Mª Rovira Artigues` (Record no. 136002)

MARC details
000 -LEADER
campo de control de longitud fija 00553nam a2200169 4500
001 - NÚMERO DE CONTROL
campo de control 136002
003 - IDENTIFICADOR DE NÚMERO DE CONTROL
campo de control ES-MaACL
005 - FECHA Y HORA DE LA ÚLTIMA TRANSACCIÓN
campo de control 20230906195018.0
007 - CAMPO FIJO DE DESCRIPCIÓN FÍSICA--INFORMACIÓN GENERAL
campo de control de longitud fija t|
008 - DATOS DE LONGITUD FIJA--INFORMACIÓN GENERAL
campo de control de longitud fija 070214s1964 sp r ||||1| cat d
100 1# - ENTRADA PRINCIPAL--NOMBRE DE PERSONA
Nombre de persona Rovira Artigues, José María.
9 (RLIN) 100142
245 14 - MENCIÓN DEL TÍTULO
Título Els `goigs de Josep Mª Rovira Artigues`
Resto del título : seguits de llur bibliografia /
Mención de responsabilidad, etc. inici per mossen Camil Ceis, pr.
260 ## - PUBLICACIÓN, DISTRIBUCIÓN, ETC.
Lugar de publicación, distribución, etc. Barcelona :
Nombre del editor, distribuidor, etc. Torrel de Reus,
Fecha de publicación, distribución, etc. 1964.
300 ## - DESCRIPCIÓN FÍSICA
Extensión 91 p., 10 lám. ;
Dimensiones 18 cm.
700 1# - ENTRADA AGREGADA--NOMBRE PERSONAL
Nombre de persona Ceis, Camil.
9 (RLIN) 37332
852 ## - LOCALIZACIÓN
Ubicación ES-MaACL
Número de control de estantería C-26962
Sublocalización o colección R.54956
Holdings
Estatus retirado Estado de pérdida Estado de daño No para préstamo Biblioteca de origen Biblioteca actual Ubicación en estantería Fecha de adquisición Fuente de adquisición Total de préstamos Signatura topográfica completa Código de barras Visto por última vez Precio de reemplazo Tipo de ítem Koha
        Biblioteca del Ateneo de Madrid Biblioteca del Ateneo de Madrid Depósito 2 17/01/2008     C-26962 1141549 23/02/2023 23/02/2023 Libro impreso